000 00663nam a2200193 a 4500
001 000006548
005 20200929153941.0
008 090901s1989 dr 000 0 spa d
040 _aDO-SdBNP
_bspa
_cBNPHU
082 _a920.61
_bR696p
100 1 _aRodríguez Lora, Sebastián
_98611
245 1 0 _aPrecursores de la medicina en America /
_cSebastián Rodríguez Lora.
260 _aSanto Domingo :
_bUniversidad Iberoamericana,
_c1989.
300 _a161 p. ;
_c22 cm.
650 4 _aMedicos
_xBiografías
_zAmérica Latina
_918188
650 4 _aMedicos
_xBiografías
_91119
650 4 _aMedicos
_zAmérica Latina
_918189
700 1 _aGrullón, Enmanuel,
_epról.
_918190
999 _c6339
_d6339